Normal view
MARC view
- Er. Asha Joseph (Guide)
Entry Personal Name
001 - CONTROL NUMBER
- control field: 3373
003 - CONTROL NUMBER IDENTIFIER
- control field: OSt
005 - DATE AND TIME OF LATEST TRANSACTION
- control field: 20180926141141.0
008 - FIXED-LENGTH DATA ELEMENTS
- fixed length control field: 180926|| aca||aabn | a|a d
040 ## - CATALOGING SOURCE
- Original cataloging agency: OSt
- Transcribing agency: OSt
100 ## - HEADING--PERSONAL NAME
- Personal name: Er. Asha Joseph (Guide)
670 ## - SOURCE DATA FOUND
- Source citation: Work cat.: (OSt)15115: JUVANA MARY JOSEPH PRAVEEN JOHNSON SANJANA T. K 3372, Hydraulics and field performance of subsurface inline drip irrigation system
